Statistics for 李白《蜀道难》默写Recite Li Bai's Passage-Shudaonan

Click here to take the quiz!

General Stats

  • This quiz has been taken 53 times
  • The average score is 29 of 49

Answer Stats

答案% Correct
难于上青天
98%
难于上青天
98%
难于上青天
98%
蜀道之难
96%
蜀道之难
96%
蜀道之难
96%
危乎高哉
94%
蚕丛及鱼凫
92%
开国何茫然
92%
可以横绝峨眉巅
88%
西当太白有鸟道
88%
不与秦塞通人烟
88%
尔来四万八千岁
88%
地崩山摧壮士死
81%
噫吁嚱
79%
然后天梯石栈相钩连
77%
下有冲波逆折之回川
65%
上有六龙回日之高标
63%
青泥何盘盘
60%
猿猱欲度愁攀援
60%
百步九折萦岩峦
60%
黄鹤之飞尚不得过
60%
以手抚膺坐长叹
54%
扪参历井仰胁息
54%
畏途巉岩不可攀
50%
问君西游何时还
48%
一夫当关
46%
使人听此凋朱颜
46%
万夫莫开
46%
雄飞雌从绕林间
44%
愁空山
44%
不如早还家
42%
又闻子规啼夜月
42%
杀人如麻
40%
剑阁峥嵘而崔嵬
40%
其险也如此
38%
砯崖转石万壑雷
38%
磨牙吮血
38%
锦城虽云乐
38%
枯松倒挂倚绝壁
38%
但见悲鸟号古木
38%
嗟尔远道之人胡为乎来哉
35%
连峰去天不盈尺
35%
所守或匪亲
33%
化为狼与豺
33%
朝避猛虎
33%
侧身西望长咨嗟
33%
夕避长蛇
31%
飞湍瀑流争喧豗
23%

Score Distribution

Percentile by Number Answered

Percent of People with Each Score

Your Score History

You have not taken this quiz